Pleito de don Jacinto Pérez contra don Miguel Burillo, por una deuda de 1300 reales

Detalles Bibliográficos
Otros Autores: Jacinto Pérez, Miguel Burillo
Formato: Libro
Publicado: s.l., 1624
Materias:
Colección:Banco de datos
Acervo:Biblioteca Palafoxiana. Colección de Manuscritos
Descripción Física:2 f. ; 31 x 20 cm.
Tema general:Eclesiástica
LEADER 00452nam a22001570004500
035 |a 1144 
245 1 0 |a Pleito de don Jacinto Pérez contra don Miguel Burillo, por una deuda de 1300 reales 
260 |a s.l., 1624 
300 |a 2 f. ; 31 x 20 cm. 
650 1 0 |a Eclesiástica 
700 1 |a Jacinto Pérez 
700 1 |a Miguel Burillo 
949 |a 19948/055 
942 |c PALAMANU 
943 |g Biblioteca Palafoxiana. Colección de Manuscritos 
999 |c 1069089  |d 1069089